Normal view MARC view
  • Merinero, Juan Martín

Entry Nom personal

Number of records used in: 2

001 - NÚMERO DE CONTROL

  • campo de control: 168109

003 - IDENTIFICADOR DEL NÚMERO DE CONTROL

  • campo de control: ES-BaIT

005 - FECHA Y HORA DE LA ÚLTIMA TRANSACCIÓN

  • campo de control: 20260121130303.0

008 - DATOS DE LONGITUD FIJA

  • campo de control de longitud fija: 260121|| aca||aabn | a|a d

040 ## - FUENTE DE LA CATALOGACIÓN

  • Centro catalogador/agencia de origen: ES-BaIT

100 1# - ENCABEZAMIENTO-NOMBRE DE PERSONA

  • Nombre de persona: Merinero, Juan Martín

400 1# - TRAZADO DE VÉASE--NOMBRE DE PERSONA

  • Nombre de persona: Martín Merinero, Juan

Powered by Koha